000
00302nam a2200121Ia 4500
008
230524s9999 xx 000 0 und d
100
_a
"Ralph Moseley, M.T.Savaliya"
245
0
_a
Developing Web Applications
260
_b
J.Wiley
500
_a
Quantity Number: 15
650
_a
Comp-Sc
942
_c
BK
999
_c
50097
_d
50097